CONCISE MEDICAL PHYSIOLOGY (Record no. 7979)

MARC details
000 -LEADER
fixed length control field 00318nam a2200133Ia 4500
082 ## - DEWEY DECIMAL CLASSIFICATION NUMBER
Classification number 612
Item number C 14 C
100 ## - MAIN ENTRY--PERSONAL NAME
Personal name CHAUDHARI,SUJIT K.
245 ## - TITLE STATEMENT
Title CONCISE MEDICAL PHYSIOLOGY
250 ## - EDITION STATEMENT
Edition statement 7 TH
260 ## - PUBLICATION, DISTRIBUTION, ETC. (IMPRINT)
Name of publisher, distributor, etc N C B A PUB. INDIA
Year of Publication 2014
300 ## - PAGE DESCRIPTION
No. of Pages 752
942 ## - ADDED ENTRY ELEMENTS (KOHA)
Source of classification or shelving scheme Dewey Decimal Classification
Koha item type Books
Holdings
Withdrawn status Lost status Source of classification or shelving scheme Damaged status Not for loan Collection code Home library Current library Date acquired Vendor Name Cost, normal purchase price SGTU Bill Number Total Checkouts Full call number Accession No. (Barcode) Date last seen Date last borrowed Bill Date Koha item type
    Dewey Decimal Classification     AYURVEDA SGT FA-FP Library SGT FA-FP Library 14/09/2015 ABC DELHI 785.00 SGTU 5691 2 612 C 14 C FA2477 06/10/2018 06/10/2018 31/03/2015 Books
    Dewey Decimal Classification     AYURVEDA SGT FA-FP Library SGT FA-FP Library 14/09/2015 ABC DELHI 785.00 SGTU 5692 1 612 C 14 C FA2478 06/01/2016 06/01/2016 31/03/2015 Books
    Dewey Decimal Classification     AYURVEDA SGT FA-FP Library SGT FA-FP Library 14/09/2015 ABC DELHI 785.00 SGTU 5693 1 612 C 14 C FA2479 09/12/2015 04/12/2015 31/03/2015 Books